书目信息 |
| 题名: |
《中华人民共和国公务员法》释义
|
|
| 作者: | 张柏林 主编 | |
| 分册: | ||
| 出版信息: | 北京 中国人事出版社 2005 |
|
| 页数: | 246页 | |
| 开本: | 20cm | |
| 丛书名: | ||
| 单 册: | ||
| 中图分类: | D922.115 | |
| 科图分类: | ||
| 主题词: | 法律--中国 | |
| 电子资源: | ||
| ISBN: | 7-80189-343-3 | |
| 000 | 00600nam0 2200193 450 | |
| 001 | 0739804220 | |
| 005 | 20070718110311.01 | |
| 010 | @a7-80189-343-3@dCNY20.00 | |
| 100 | @a20070716d2005 km y0chiy0120 ea | |
| 101 | 0 | @achi |
| 102 | @aCN@b110000 | |
| 200 | 1 | @a《中华人民共和国公务员法》释义@A《zhong hua ren min gong he guo gong wu yuan fa》shi yi@f张柏林主编@Fzhang bai lin zhu bian |
| 210 | @a北京@c中国人事出版社@d2005 | |
| 215 | @a246页@d20cm | |
| 606 | 0 | @a法律@x中国 |
| 690 | @aD922.115@v3 | |
| 701 | 0 | @a张柏林@Azhang bai lin@4主编 |
| 801 | 0 | @aCN@bPFT@c20070718 |
| 905 | @a10447@dD922.115@e695 | |
| 《中华人民共和国公务员法》释义/张柏林主编.-北京:中国人事出版社,2005 |
| 246页;20cm |
| ISBN 7-80189-343-3:CNY20.00 |
| ● |
| 相关链接 |
|
|
|
|
正题名:《中华人民共和国公务员法》释义
索取号:D922.115/695
 
预约/预借
| 序号 | 登录号 | 条形码 | 馆藏地/架位号 | 状态 | 备注 |
| 1 | 0777789 | 207777896 | 第一样本阅览室/ [索取号:D922.115/695] | 在馆 |